| 000 | 01022nam0a22002651 4500 | ||
|---|---|---|---|
| 001 | rc\213504 | ||
| 005 | 20260407083739.0 | ||
| 010 |
_a5-230-07781-6 _9500 |
||
| 035 | _a(NLR Aleph) 005462788 | ||
| 090 |
_a4971581 _c4971581 |
||
| 100 | _a20030307d1995 |||y0rusy50 ca | ||
| 101 | 0 | _arus | |
| 102 | _aRU | ||
| 105 | _ay ||||||||| | ||
| 200 | 1 |
_aЮридическая наука в Кубанском государственном университете _eСб. науч. тр. _eПосвящается 75-летию ун-та _f[Редкол.: Л.В. Бутько и др.] |
|
| 210 |
_aКраснодар _cКГУ _d1995 |
||
| 215 |
_a320 с. _d21 |
||
| 320 | _aБиблиогр. в примеч. в конце ст. | ||
| 702 | 1 |
_aБутько _bЛ.В. _4340 |
|
| 712 | 0 | 2 |
_4070 _aКубанский государственный университет _cКраснодар _3RU\NLR\AUTH\8810948 _9294538 |
| 801 | 0 |
_aRU _bNLR _gpsbo |
|
| 801 | 1 |
_aRU _bELAR _2rusmarc |
|
| 852 |
_aNLR _j96-3/2588 |
||
| 942 | _cBOOK | ||
| 980 | _aNB | ||